00999cam a2200265 a 450000100100000000500170001000800410002702000220006804000250009008200180011510000310013324500580016425000230022226000520024530000280029749000230032550400730034850400320042165100320045365100490048565100350053483000300056995201170059999900170071600004147620201002034926.0860123s1986 pr a b 000 0 spa  a0940238861 (pbk.) aDO-SdBNPcspadBNPHU a972.95bP598h1 aPicó, Fernándo.91615810aHistoria general de Puerto Rico /cFernándo Picó. a2a ed. rev. y aum. aRío Piedras, Puerto Rico :bHuracán,c1986. a288 p. :bil. ;c23 cm.1 aHuracán academia aIncluye referencias bibliográficas y notas al pie de las páginas aBibliografía : p. 281-288 4aPuerto RicoxHistoria91079 4aPuerto RicoxCondiciones Económicas916159 4aPuerto RicoxEsclavitud916160 0aHuracán academia916161 0010507-18MOaGRbGRcOId2013-10-07iLF1l0o972.95 P598hp41476-10r2020-06-25w2020-06-25y1ZNo se presta c40966d40966